000 00315nam a2200133Ia 4500
082 _a610.7368
_bM15V
100 _aVARCAROLIS, ELIZABETH M.
245 _aMANUAL OF PSYCHIATRIC NURSING CARE PLANNING
250 _a5TH
260 _bELSEVER
_c2015
300 _a757
650 _aPSYCHIATRIC NURSING
942 _2ddc
_cBK
999 _c6869
_d6869